1684 1055 1323 1818 1497 1715 1336 1546 1930 1188 1009 1269 1983 1835 1978 1760 1464 1575 1240 1076 1469 1232 1043 1478 1508 1100 1579 1855 1569 1614 1149 1207 1187 1400 1175 1164 1267 1449 1176 1284 1594 1201 1755 1734 1745 1870 1721 1507 1859 1335 1384 1677 1897 1963 1053 1757 1631 1820 1013 1709 1902 1653 1654 1529 1067 1547 1365 1103 1350 1335 1312 1050 1050 1328 1425 1823 1615 1948 1636 1782 1341 1154 1553 1968 1324 1306 1395 1579 1227 1509 1945 1979 1807 1828 1402 1145 1938 1450 1558 BCNSPRNW ULIB Ver.6.0+V

เปลี่ยนเป็นภาษาไทย

Change to English
 แสดงรายละเอียดบรรณานุกรม
  กลับหน้าหลัก

Brief Record : Get Marc (ISO 2709) : E-mail record : QR code < ปิดหน้าต่าง
LEADER : 00000nam 2200000uu 4500
001    13399120860
003     ULIB
008    020711s2550 th a 000 0 tha d
020    9789748820187
050    BQ4990 ป163ห
100    ปภัสสระเมธี (เปรียญ)
245    1 นาที แนะวิธีเสริมมงคลสำหรับชีวิตประจำวันด้วยตนเอง
250    พิมพ์ครั้งที่ 1
260    กรุงเทพฯ :^bบุ๊คส์ ทู ยู,^c2550
945    ^p100^l0^i14918
999    ^aทศพร เกษรทอง
รายการนี้ยังไม่มีแท็ก
คุณยังไม่ได้ล็อกอิน คุณสามารถมีกิจกรรมร่วมกับเว็บไซต์ได้ แต่ต้องล็อกอินก่อน ::
  ล็อกอิน

รายการสื่อสารสนเทศ

ลำดับที่ ประเภท เลขเรียก/บาร์โค้ด สถานที่ สถานะ
1. วิทยาศาสตร์การแพทย์ และสุขภาพ
วิทยาศาสตร์การแพทย์ และสุขภาพ
BQ4990 ป163ห  
  Barcode: 14918
ห้องสมุดวิทยาเขตสวรรค์ประชารักษ์
►หนังสือทั่วไป
บนชั้น

BibComment


ยังไม่เคยถูกคอมเมนท์

คอมเมนท์ทรัพยากรรายการนี้
  คอมเมนท์: 1 นาที แนะวิธีเสร..


 Copyright 2026. Bcnsprnw @Library